000 00283nam a22001217a 4500
008 181022b xxu||||| |||| 00| 0 eng d
041 _aeng
080 _a316
100 _a50
101 _aSOC
245 _aRadicalism and the Revolt against reason
_cHorowitz,I.L
942 _2udc
_cBK
999 _c50370
_d50370